| 000 | 00776nam a2200193 a 4500 | ||
|---|---|---|---|
| 001 | 5888 | ||
| 003 | CDMR | ||
| 005 | 20131212120406.0 | ||
| 008 | 130220s2000||||||||||||||||||||||||||||d | ||
| 040 |
_aCDMR _bcat _cCDMR |
||
| 245 | 0 | 0 |
_aImágenes de las mujeres en los medios de comunicación _b: estudios en el marco del Programa de Acción Comunitario para la igualdad de oportunidades entre hombres y mujeres (1996-2000) _cUllamaija Kivikuru [directora] |
| 260 |
_aMadrid _bInstituto de la Mujer _c2000 |
||
| 300 |
_a156 p ; _c27 cm |
||
| 650 | 0 | 4 |
_94436 _aPaper segons el sexe en els mitjans de comunicació de massa |
| 650 | 0 | 4 |
_93818 _aMitjans de comunicació de massa i dones |
| 650 | 0 | 4 |
_94257 _aDret comunitari |
| 700 | 1 |
_92903 _aKivikuru, Ullamaija _edir. |
|
| 942 |
_cMON _2udc |
||
| 999 |
_c5888 _d5888 |
||